000 00524nam a2200181Ia 4500
008 090124s9999 xx 000 0 und d
082 _b34394
100 _aपै शिरीष
245 _a मनातले अत्रे
250 _a1
260 _bदिलीप प्रकाशन
_c1997
300 _a366
600 _aपै शिरीष
630 _a मनातले अत्रे
700 _aपै शिरीष
730 _a मनातले अत्रे
942 _cBOOK
999 _c100314
_d100314